000 00963nam a2200313 i 4500
003 EG-GICUC
005 20260427073329.0
008 260427s1908 nyua|||fr|||| 00| 0 eng d
040 _aEG-GiCUC
_beng
_cEG-GiCUC
_dEG-GiCUC
_erda
041 _aeng
082 0 4 _221
_a343.6
_bAD . S
092 0 4 _221
099 _aLaw1 10 343.6 AD . S 1908
100 1 _aAdam, Hargrave Lee
_eAuthor.
245 1 4 _aThe story of crime from the cradle to the grave /
_cH. L. Adam.
264 1 _aLondon :
_bT. Werner Laurie,
_c1908.
300 _axii, 347 pages :
_billustrations,
_c24 cm
336 _2rda content
_atext
337 _2rda media
_aComputer
338 _2rda carrier
_aOnline Resource
546 _aText in English
650 1 4 _aCriminology
_2qrmak
650 1 4 _aCrime
_zGreat Britain
650 1 4 _aPrisons
_zGreat Britain
651 1 _2qrmak
856 4 0 _uhttps://fll.law.cu.edu.eg/fulltext/bks/B10-11253.pdf
905 _a161
942 _2ddc
_cBK
_e21
_n0
999 _c73528
_d73528